[Event "Match 78__120'/40"]
[Site "Zurich"]
[Date "2024.??.??"]
[Round "17"]
[White "Saitek D+ EGR 10 MHz"]
[Black "Mephisto Polgar sel. 5"]
[Result "0-1"]
[WhiteElo "1992"]
[BlackElo "1991"]
[Annotator "Utzinger,K"]
[PlyCount "141"]
[EventDate "2024.05.22"]
[EventType "match"]
[SourceVersionDate "2024.04.21"]

{[%evp 0,141,19,31,25,-16,57,38,37,37,36,18,32,16,11,8,52,45,55,54,44,41,45,37,36,32,52,53,78,7,11,26,10,-23,-21,-2,-19,-12,-12,-22,-25,-22,-8,-37,-38,-85,-97,-78,-90,-95,-73,-91,-73,-97,-104,-128,-125,-164,-72,-72,-72,-75,-75,-131,-132,-162,-162,-162,-137,-146,62,-136,-160,-179,-137,-193,-200,-188,-188,-188,-220,-220,-163,-183,-183,-183,-20,-183,-188,-188,-109,-409,-183,-335,-409,-508,-508,-508,-508,-508,-508,-508,-477,-477,-485,-485,-487,-501,-477,-484,-477,-455,-423,-446,-387,-475,-401,-433,-418,-458,-458,-458,-459,-543,-543,-718,-585,-1012,-1012,-1012,-1012,-778,-984,-1002,-1012,-29977,-29978,-29979,-29980,-29981,-29982,-29983,-29978,-29983]} 1. d4 Nf6 {Match 120'/40 | Bediener: Rolf Bühler | 17. Partie: Schwarz (Mephisto Polgar) gewinnt | Zwischenstand: 9,0-8,0 (52,9%) für Saitek D+ / hypothetisch: 11,0-6,0 (64,7%) für Mephisto Polgar | Eröffnung: Königsindische Verteidigung, Smyslov System | Diese von beidseitigen Ungenauigkeiten geprägte Partie lässt gut in zwei Hälften teilen. In der ersten Phase hat der Weiss spielende Saitek D+ die Nase vorn. Er macht jedoch nichts daraus. In der zweiten Phase übernimmt der Mephisto Polgar das Ruder, überrollt seinen Gegner förmlich und kann sich einen wichtigen Sieg holen.} 2. c4 g6 3. Nf3 Bg7 4. Nc3 d6 5. Bg5 {Dieser Aufbau, gefolgt vom zurückhaltenden 6.e3, ist eine Variante des ehemaligen Weltmeisters Vassily Smyslow. Dieses positionell grundsolide System gewährt dem Nachziehenden weniger aktives Gegenspiel als die üblichen Varianten in der Königsindischen Verteidigung.} O-O 6. e3 {***ENDE BUCH*** +/= (0.32) (54%)} Nbd7 {***ENDE BUCH*** +/= (0.36) (55%)} 7. Bd3 (7. Be2 {ist beliebter und auch sinnvoller, denn auf d3 setzt sich der Läufer nach ...e5 stets dem Gabelangriff ...e4 aus.}) 7... Nb6 $6 {Dieser unter Oldies bekannte und schwache Rösselsprung nach b6 bezeugt das Fehlen jeglichen strategischen Verständnisses für diese Art von Stellungen. Hier geht es um den Kampf im Zentrum und die Bauernvorstösse e7-e5 oder c7-c5, und dafür steht der Sb6 schlecht. In diesem Sinne brauchbar sind:} (7... e5 8. O-O h6 9. Bh4 Re8 10. Qc2 $14) (7... h6 8. Bh4 e5 9. O-O Re8 10. Qc2 $14) 8. O-O Be6 $2 {Der spätere Sieger dieser Partie übertrifft sich hier mit einer weiteren "Stilblüte", die total dem Stellungscharakter widerspricht.} 9. Qe2 $16 {Weiss steht nun spürbar besser.} h6 10. Bh4 c5 {So wie sich Schwarz aufgestellt hat, war 10...d5 zu erwarten, was aber nach 11.c5 am weissen Vorteil nichts verändert.} 11. Bxf6 $6 {Einmal mehr schlägt eine typische Schwäche des Kaplan Programms durch: ungerechtfertigter Tausch von Läufer gegen Springer.} (11. d5 Bd7 12. a4 $16) 11... Bxf6 {Die Engines schätzen 11...exf6 als etwas stärker ein.} ({Stockfish 16.1:} 11... exf6 12. a4 cxd4 13. Nxd4 f5 14. a5 Nd7 15. Rfd1 Qe7 16. b3 Nb8 17. Nxe6 fxe6 18. Qe1 Nc6 19. Bf1 a6 20. g3 Rac8 21. Bg2 g5 22. Ra4 f4 23. exf4 gxf4 24. Bxc6 bxc6 25. Ne2 fxg3 26. hxg3 e5 27. Ra2 Qb7 28. Rad2 Qxb3 29. Rxd6 Qxc4 30. Nc3 e4 31. Nxe4 Rce8 32. f3 Qf7 33. R1d3 c5 34. Rd7 Qf5 35. Qc1 Bd4+ 36. R3xd4 cxd4 37. Qc4+ Qe6 38. Qxd4 Re7 39. Rd6 {[%eval 31,42] [%wdl 78,914,8]}) 12. Ne4 Bg7 13. dxc5 Nxc4 14. Nd4 $11 {Vergibt noch den letzten kleinen Vorteil.} (14. Bxc4 Bxc4 15. Qxc4 d5 16. Qd3 dxe4 17. Qxe4 $14) 14... Ne5 $6 $16 {Hier war 14...Ld5 die klar bessere Wahl.} 15. Nxe6 fxe6 16. Bb5 $2 {Vergibt den Vorteil wieder, der mit 16.Lc2 zu halten war.} a6 17. Bd3 d5 (17... Nxd3 {ist exakter} 18. Qxd3 dxc5 19. Nxc5 Qxd3 20. Nxd3 Rfd8 21. Rfd1 $11) 18. Nd2 Rc8 19. Nb3 Nxd3 20. Qxd3 Kh7 21. Nd4 Qd7 $11 22. c6 $2 $17 {Keine gute Wahl.} (22. Rac1 e5 23. Ne2 $11) 22... bxc6 23. Qxa6 e5 24. Nb3 {Hier verdient 24.Se2 den Vorzug.} e4 {Sehr stark war auch 24...c5 usw.} (24... c5 25. e4 c4 26. Nd2 Rf6 27. Qa3 d4 28. Rac1 Rfc6 $17 {und Schwarz steht klar besser.}) 25. Qe2 c5 26. Rad1 c4 {[#]} 27. Nc1 $2 {[%mdl 2] Verlustzug und wesentlich schlechter als das natürlich auch nicht sehr erfreuliche 27.Sd4 gemäss Variante.} (27. Nd4 {wird mit} e5 28. Nc2 d4 $1 29. exd4 exd4 30. Qxe4 Rfe8 31. Qf3 d3 $17) 27... Qb7 {Schwarz drückt gewaltig am Damenflügel und Weiss ist bereits in grossen Schwierigkeiten. Gegen den Plan ...e5 und ...d4 kann er wenig tun.} 28. Rd2 c3 $2 {[%mdl 32768] Ein Fehler insofern, als sich damit der schwarze Vorteil in Luft auflöst.} ({Stockfish 16.1:} 28... h5 29. Rc2 e5 30. h3 Rf5 31. Qe1 d4 32. Ne2 Rf7 33. Qd2 Rd7 34. Rcc1 Bh6 35. Rcd1 Rf7 36. Ng3 h4 37. Nh1 Qd5 38. Qc2 d3 39. Qc3 Bf8 40. Kh2 Qb7 41. Rb1 Bb4 42. Qc1 Qd7 43. Rg1 Qe6 44. Qd1 Ra8 45. a3 Be7 46. a4 Bd8 47. a5 Rxa5 48. Ra1 Rb5 49. Ra8 Bg5 50. Qc1 Rb4 51. Qa1 Rbb7 {[%eval -263,48] [%wdl 0,0,1000]}) 29. bxc3 Bxc3 30. Rc2 e5 $11 31. Nb3 $2 $17 {Zu passiv, weshalb Weiss zu 31.f3 hätte greifen sollen.} d4 $17 {Jetzt tickt es für Schwarz wieder richtig.} 32. Qg4 d3 {Schwarz besitzt nun einen weit vorgedrungenen und lästigen Freibauern.} 33. Rcc1 Rc7 34. Rb1 $17 Qa8 $2 $15 {[%mdl 32768] Und einmal mehr versaut sich Schwarz seine gute Stellung, bzw. lässt es zu, dass der Gegner wieder mitreden kann. Mit 34...Dd5 konnte Schwarz weiterhin drücken.} 35. Nc1 $2 {Weiss packt seine Chance auf Ausgleich nicht und hat das starke Manöver 35.Sc5! übersehen.} (35. Nc5 $1 $11 {denn nach} Rxc5 $2 36. Qd7+ Kh8 37. Rb7 {muss Schwarz seine Dame hergeben, um nicht mattgesetzt zu werden} Qxb7 38. Qxb7 d2 $11 {mit genügend Gegenspiel, um den Ausgleich sicherzustellen.}) 35... Qc6 36. h3 Rcf7 $6 {[%mdl 32768] Verpasst den Gewinn und steht nur noch besser.} (36... h5 37. Qd1 Qa6 38. Qb3 d2 39. Qc2 dxc1=Q 40. Rbxc1 Qc4 $19 {wobei diese Gewinnstellung bei unseren Oldies noch nicht so klar wäre.}) 37. Qh4 $2 {Weiss leistet zu wenig Widerstand und hätte seine Dame nach d1 zurückziehen sollen.} Qc4 38. Rd1 d2 {Dieser kurz vor der Umwandlung stehende Bauer stellt einen echten Pfahl im Fleisch des weissen Lagers dar.} 39. Nb3 Qd5 40. Qg3 $2 {[%mdl 2] Verlustzug, weshalb 40.Tf1 notwendig war.} Rxf2 41. Qxf2 Rxf2 42. Kxf2 $19 Qf7+ $2 $11 {[%mdl 32768] Verdirbt den Gewinn, der aber durch unsere Oldies nicht zu erkennen ist.} (42... h5 $1 43. a3 Qd8 44. a4 Qd3 45. a5 Bd4 $1 46. Kg1 (46. exd4 e3+ 47. Kg1 e2 $19) 46... Bxe3+ 47. Kh1 Bf4 48. Nxd2 Bxd2 49. a6 e3 50. a7 Qa6 51. Ra1 Ba5 52. Rd5 e2 53. Rxe5 Qxa7 54. Rxe2 Qc5 $19) {[#]} 43. Ke2 $2 {[%mdl 2] Nach diesem letzten Fehler kann sich der Saitek D+ nicht mehr erholen und geht mit fliegenden Fahnen unter.} ({Stockfish 16.1:} 43. Kg1 Qa7 44. Nxd2 Qxe3+ 45. Kh1 h5 46. Nc4 Qe2 47. Nd6 Bd2 48. Rb7+ Kg8 49. Rb8+ Kg7 50. Rb7+ Kg8 {[%eval 0,53] [%wdl 2,996,2]}) 43... Qc4+ 44. Kf2 Qd3 45. a4 h5 46. a5 Bd4 $1 {Ein hübsches Scheinopfer, das die Situation endgültig klärt.} 47. exd4 (47. Kg1 Bxe3+ 48. Kh1 Bf4 $19) 47... e3+ {Die durch das Scheinopfer frei gewordene Bauernmasse setzt sich in Bewegung.} 48. Kg1 e2 {[#] Eine malerische Stellung. Man könnte ohne schlechtes Gewissen mit 0:1 abbrechen. Aber wir spielen (fast) immer bis zum bitteren Ende, um etwelche Überraschungen auszuschliessen ... und seien es nur Programmfehler.} 49. Nxd2 exd1=Q+ 50. Rxd1 Qe2 51. Rb1 Qxd2 52. dxe5 Qxa5 53. e6 Qc5+ 54. Kh1 Qe7 55. Re1 Kh6 56. Kh2 Kg5 57. g3 Kf5 58. Kg2 Kf6 59. Kf1 $2 {Ich frage mich, ob Schwarz auch ohne diesen Fehler gewonnen hätte, falls Weiss ...g5 mit sofort h4 verhindert und anschliessend nichts mehr tun und nur noch Abwartezüge machen würde, z.B.} Qa3 $1 60. Kf2 (60. e7 {hilft auch nicht mehr} Qf3+ 61. Kg1 Qxg3+ 62. Kf1 Qxh3+ 63. Kf2 Qh4+ 64. Kf1 Qxe1+ 65. Kxe1 Kxe7 $19 {und aus die Maus}) 60... Ke7 61. Re3 {Noch immer war unter Oldies die Chance, dass Schwarz nach 61.h4 keinen Gewinn finden könnte.} Qb2+ 62. Kf3 g5 {Nachdem Schwarz zu diesem Vorstoss gekommen ist, schafft es nun auch Mephisto Polgar, den vollen Punkt zu holen.} 63. Re2 (63. h4 g4+ 64. Kf4 (64. Ke4 Kxe6 $19) 64... Qd4+) (63. g4 Qh2 64. gxh5 Qxh3+ 65. Kf2 Qxh5 $19) 63... g4+ 64. hxg4 hxg4+ 65. Kf2 Qf6+ 66. Kg1 Qf3 67. Re1 Qxg3+ 68. Kf1 Qf3+ 69. Kg1 g3 70. Rf1 Qe2 71. Rf7+ {***AUFGEGEBEN***} 0-1

[Event "Match 78__120'/40"]
[Site "Zurich"]
[Date "2024.??.??"]
[Round "18"]
[White "Mephisto Polgar sel. 5"]
[Black "Saitek D+ EGR 10 MHz"]
[Result "0-1"]
[WhiteElo "1991"]
[BlackElo "1992"]
[Annotator "Utzinger,K"]
[PlyCount "97"]
[EventDate "2024.05.22"]
[EventType "match"]
[SourceVersionDate "2024.04.21"]

{[%evp 0,97,20,-13,-13,-13,-3,-3,-1,-54,-35,-57,-49,-52,-25,-51,-27,6,6,11,14,9,14,34,27,41,39,32,30,9,18,-1,-12,-9,-6,-28,35,10,31,-6,-5,-36,-6,-43,-4,0,0,0,7,-16,0,-6,-8,-32,-32,-35,-14,-29,-6,-20,-44,-28,-14,-87,-54,-115,-122,-121,-138,-163,-150,-177,-117,-147,-171,-210,-99,-161,-139,-187,-192,-283,-248,-505,-514,-728,-371,-535,-502,-523,-466,-450,-498,-498,-401,-706,-796,-847,-1042,-1136]} 1. c4 e5 {Match 120'/40 | Bediener: Rolf Bühler | 18. Partie: Schwarz (Saitek D+) gewinnt | Zwischenstand: 10,0-8,0 (55,5%) für Saitek D+ / hypothetisch: 11,0-7,0 (61,1%) für Mephisto Polgar | Eröffnung: Englisch, Vierspringer Variante | Eine äusserst ruhige Partie ohne taktisches Gemetzel. Nach dem frühen Damentausch im 8./9. Zug entwickelt sich die Partie bei gegenseitigen Ungenauigkeiten leicht zugunsten von Schwarz. Diese Tendenz erhöht sich, weil Weiss seine Figuren, vor allem die Türme auf der h-Linie verdoppelt, wo sie nutzlos in der Landschaft herumstehen. Schwarz seinerseits smit auf den Zentrumslinien postierten Türmen und einem Springer auf d4 hat deutlich freieres Spiel. Als der Mephisto Polgar dann mit 32.b4? seine Struktur am Damenflügel tödlich schwächt, geht es rapide abwärts. Der Saitek D+ erobert vorerst den weissen a-Bauern, führt seinen Freibauern auf der b-Linie in den Kampf, erobert bald einen zweiten Bauern. Das war es dann und Weiss kann nur hilflos zusehen, wie der Gegner wütet und muss bald aufgeben. Die Gewinnphase im Endspiel behandelt der Saitek D+ für einmal stark und überzeugend. Das Kaplan-Programm hat somit wieder einen Zweipunktevorsprung und das Programm von Ed Schröder muss schauen, nicht noch weiter in Rückenlage zu geraten.} 2. Nc3 Nf6 3. Nf3 Nc6 4. g3 d5 5. cxd5 Nxd5 6. Bg2 {***ENDE BUCH*** = (0.10) (51% +5% =93% -2%) Depth: 36/55} Be6 {***ENDE BUCH*** +/= (0.33) (54% +10% =89% -1%) Depth: 41/58} 7. Ng5 $6 {Als Überraschungswaffe gut, ansonsten aber nicht zu empfehlen, weil Weiss damit auf jeglichen Eröffnungsvorteil verzichten muss.} Nxc3 {Feiner sieht 7...Dxg5 aus.} (7... Qxg5 8. Nxd5 O-O-O $15 {mit leichtem Vorteil für Schwarz} (8... Qd8 $11 {ist fast gleichwertig})) 8. Nxe6 Nxd1 9. Nxd8 Nxd8 {Die übliche Antwort hier. Zu 9...Txd8 habe ich keine Partien gefunden, obwohl von Stockfish 16.1 bevorzugt. Die Bewertungsunterschiede sind allerding sehr gering.} ({Die Stellung nach} 9... Rxd8 10. Bxc6+ bxc6 11. Kxd1 $11 {mit den schwarzen Bauernschwächen am Damenflügel ist sicher nicht jedermanns Geschmack.}) 10. Kxd1 Bc5 11. f4 {Kampf um das Zentrumsfeld e5.} exf4 12. gxf4 c6 {Schliesst die starke Diagonale für den weissen Läufer g2.} 13. Rf1 {Ein etwas mysteriös anmutender Turmzug, aber natürlich spielbar. Eher würde man 13.e3 nebst b3 und nachfolgend Lb2 erwarten.} O-O 14. b3 Ne6 15. f5 (15. e3 {sieht natürlicher aus} Rfd8 16. Kc2 f5 17. Bb2 $11) 15... Bd4 16. Rb1 Nc7 17. Bb2 Bb6 {Ein kaum logischer Rückzug, zumal der Lb2 mehr Wirkung hat als derjenige auf b6.} (17... Bxb2 18. Rxb2 Rad8 19. d3 $11) 18. Rc1 {Vergeudet unnötige Tempi. Ein möglicher Plan war es, dass Weiss seinen f-Turm nach g4 bringt und dann die Türme auf der halboffenen g-Linie verdoppelt. Zu diesem Zweck also sofort 18.Tf4 oder die Vorbereitung 18.Kc2, um dem Damenturm den Weg nach g1 freizumachen.} Rad8 19. Rf3 f6 20. Rg3 Nb5 $1 {Erlaubt ...Sd6 mit Angriff auf den f5-Bauern.} 21. Rc4 Nd6 22. Rf4 Bc7 23. Re3 Nb5 24. Rh4 Nd6 25. Rh5 Ba5 26. Bc3 Bxc3 27. Rxc3 Rfe8 28. Rd3 Nb5 {Noch immer befindet sich das Spiel im Gleichgewicht.} 29. Rdh3 h6 30. a4 Nd4 {Die weissen Türme sind nun unglücklich postiert und haben auf der h-Linie nichts mehr verloren. Sie sollten somit wieder in Spiel gebracht werden.} 31. e4 $6 {Bereits fragwürdig, wird doch der Wirkungskreis des Lg2 massgeblich eingeschränkt.} (31. Rd3 Rd6 32. Bh3 Red8 33. Rh4 $11 {war ein menschlicher Plan}) 31... Kf7 $6 $15 {Deutlich stärker war es, mit 31...b5 am Damenflügel aktiv zu werden.} (31... b5 $1 $17) {[#]} 32. b4 $2 $19 {[%mdl 2] Verlustzug, weil, wie man sehen wird, der a4-Bauer massiv geschwächt zurückbleibt. Der fehlerhafte Bauernvorstoss widerspricht auch einer Regel, wonach man am schwächeren Flügel nicht selbst aktiv werden sollte.} (32. Rc3 $1 Re5 33. Rhh3 $15 {und Schwarz steht nur leicht besser.}) 32... Re5 $1 {Der Saitek D+ findet den richtigen Plan, der in ...a5 besteht, was zu Bauerngewinn führen wird.} 33. Rc3 (33. a5 $2 {hilft gar nichts wegen} Rb5 {und der b4-Bauer ist futsch.}) 33... a5 34. Rc4 Nb3 $1 {Die Drohung ...Txd1+ nebst ...Txg2 gewinnt ein wichtiges Tempo.} 35. Rc2 Rd4 36. bxa5 Rxa4 37. Rb2 Nxa5 {Schwarz hat einen Bauern mehr und die klar bessere Stellung: aktive Figuren, weisse Bauernschwäche e4 mit schlechtem Lg2. Und dieser positionelle Vorteil sollte zum Gewinn genügen.} 38. Ke2 b5 $1 {Energisch setzt nun Schwarz seinen Freibauern in Bewegung.} 39. d3 b4 40. d4 {Macht die Situation nur noch schlimmer, wobei es schon keine Rolle mehr spielt.} Rb5 41. Bh1 b3 42. Kd3 (42. Rb1 b2 43. e5 Rxd4 $19) 42... Rbb4 {Ein weiterer Bauer muss jetzt sein Leben lassen.} 43. Bf3 Rxd4+ 44. Ke3 c5 45. Kf4 Ra2 46. Rb1 Rdd2 47. h3 b2 48. e5 fxe5+ 49. Kg4 {***AUFGEGEBEN***} 0-1

[Event "Match 78__120'/40"]
[Site "Zurich"]
[Date "2024.??.??"]
[Round "19"]
[White "Saitek D+ EGR 10 MHz"]
[Black "Mephisto Polgar sel. 5"]
[Result "0-1"]
[WhiteElo "1992"]
[BlackElo "1991"]
[Annotator "Utzinger,K"]
[PlyCount "99"]
[EventDate "2024.05.22"]
[EventType "match"]
[SourceVersionDate "2024.04.21"]

{[%evp 0,87,19,31,14,-17,4,4,17,25,21,-3,-3,-3,26,26,30,30,26,9,33,-1,8,-6,3,-95,-75,-96,-88,-95,-70,-151,-46,-59,-56,-104,-89,-103,-105,-153,-151,-153,-141,-161,-149,-159,-174,-150,-154,-170,-156,-198,-193,-175,-230,-224,-142,-257,-310,-193,-193,-661,-441,-463,-420,-402,-465,-479,-501,-501,-496,-501,-557,-581,-608,-612,-612,-618,-623,-627,-670,-768,-918,-956,-987,-1093,-1182,-29985,-29986,-29987]} 1. d4 Nf6 {Match 120'/40 | Bediener: Rolf Bühler | 19. Partie: Schwarz (Mephisto Polgar) gewinnt | Zwischenstand: 10,0-9,0 (52,6%) für Saitek D+ / hypothetisch: 12,0-7,0 (63,1%) für Mephisto Polgar | Eröffnung: Nimzo-Indisch, 5.g3 | Die falsche Abwicklung 12.Lxb7?, bei der Weiss T+S+B gegen die schwarze Dame erhält, erweist sich langfristig als äusserst schlecht. Und so geht es mit dem Saitek D+ schnell bergab. Damit hat der Mephisto Polgar den Abstand in diesem Match auf einen Punkt reduzieren können.} 2. c4 e6 3. Nc3 Bb4 4. Nf3 c5 5. g3 cxd4 {Das gilt als beste Antwort in diesem Abspiel.} (5... Bxc3+ 6. bxc3 Qa5 {sieht auf den ersten Blick attraktiv aus: Schwarz hängt dem Gegner eine Bauernschwäche an und kann den üblichen Angriff auf den Bauern c4 inszenieren. Andererseits räumt er dem Weissen freiwillig das Läuferpaar ein, aber im Nimzo-Inder folgt ...Lxc3 üblicherweise er nach dem "Tempverlust" von a2-a3. Und aufgrund praktischer Erfahrungen wagen viele starke Spieler nur ausnahmsweise zu 5...Lxc3 zu greifen.}) 6. Nxd4 O-O 7. Bg2 d5 {Die prinzipielle Antwort.} 8. cxd5 Nxd5 {***ENDE BUCH*** = (0.08) (51% +4% =94% -2%)} 9. Qb3 {***ENDE BUCH*** = (0.10) (51% +4% =94% -2%)} Na6 {Andere beliebte Fortsetzungen sind: 9...Sc6 / 9...Db6 / 9...Da5} 10. Bd2 Nxc3 11. bxc3 Be7 {[#]} 12. Bxb7 $2 {Leitet aus materiellen Gründen eine Abwicklung ein, die sich langfristig überhaupt nicht bewährt. Die Bewertung von Stockfish 16.1 sinkt für Weiss von = (0.00) (50%) auf -/+ (-1.57) (4%).} Nc5 13. Bxa8 {erzwungen, aber auch so geplant.} Nxb3 14. axb3 Qc7 15. O-O Bc5 (15... e5 {ist wesentlich stärker} 16. Nf3 Bh3 $17) 16. Bg2 e5 17. Nf3 Bg4 $15 {Nun hat Schwarz ...Lh3 nicht zur Verfügung.} 18. b4 Bb6 19. e3 $2 $17 {Weiss hat Angst vor ...e4, Sd4 Lxd4, cxd4 Lxe2 mit Bauernverlust. Dieser Drohung hätte Weiss aber mit einem Turmzug nach c1 begegnen sollen, z.B. Tfc1 e4, Sd4 Lxd4, cxd4 und nun wäre die Dc7 angegriffen, so dass Schwarz keine Zeit hat, auf e2 zuzugreifen.} (19. Rfc1 e4 20. Nd4 Bxd4 21. cxd4 Qb7 $11) 19... Rd8 {[#]} 20. Be1 $2 $19 {[%mdl 2] Weiss stand schon nicht mehr gut. Aber dieser passive Rückzug schlägt dem Fass den Boden aus, so dass der schwarze Vorteil nun entscheiden sollte. Diese Einschätzung von Stockfish 16.1 ist natürlich für unsere Oldies noch kein Anlass zur Verzweiflung, weil sie die für den Sieg notwendigen starken Züge nicht erkennen können.} f5 {Noch stärker 20...f6 usw.} ({Stockfish 16.1:} 20... f6 {-+ (-3.54) +0% -0% -100% bei ST 48} 21. Ra2 Be6 22. Ra1 Qc4 23. Bd2 Bd5 24. Rfd1 Qc6 25. Nh4 Bxg2 26. Nxg2 Qf3 27. c4 Qe2 28. Re1 Qxc4 29. Rec1 Qe2 30. Be1 Kf7 31. h4 Rd7 32. Rcb1 h6 33. Bc3 Rd5 34. Re1 Qg4 35. Kh2 Rd3 36. Rec1 Rd7 37. Kg1 g5 38. b5 Rc7 39. Ra2 Qc4 40. Rb2 Qa4 41. Kh2 Qe4 42. Rd2 Qc4 43. Rd6 Qc5 44. Rd8 Qxb5 45. Rcd1 Rxc3 46. R1d5 Qb4 47. R5d7+ Ke6 {[%eval -354,48] [%wdl 0,0,1000]}) 21. h3 Bh5 22. Ng5 Rd3 23. g4 Bg6 24. gxf5 Bxf5 25. Kh1 Rd6 26. e4 Bd7 27. Nf3 Rf6 28. c4 Qc8 29. c5 (29. Kh2 Qxc4 $19) 29... Bxh3 30. Nxe5 Bxg2+ 31. Kxg2 Bc7 32. f4 (32. Nd3 Qg4+ 33. Kh1 Rh6#) 32... Rxf4 (32... Bxe5 $1 {ist noch stärker, denn nach} 33. fxe5 Qg4+ 34. Bg3 Qxe4+ 35. Kh2 Rh6+ 36. Kg1 Qe3+ 37. Kg2 Rg6 38. Rf3 Qe2+ 39. Rf2 Rxg3+ $1 40. Kxg3 Qxe5+ 41. Kg2 Qxa1 $19 {ist es aus.}) 33. Rxf4 Bxe5 34. Rxa7 Bxf4 35. Ra3 Qe6 36. Ra8+ Kf7 37. Ra7+ Kg6 38. Kf3 Be5 39. Bf2 h5 40. Ke3 Qb3+ 41. Ke2 Qc4+ 42. Ke3 Bd4+ 43. Kf3 Qd3+ {Schwarz hat Mattangriff} 44. Kg2 Qxe4+ (44... Qe2 {wird Matt in wenigen Zügen}) 45. Kf1 Qf5 46. Ke2 Qc2+ 47. Kf3 Qxf2+ 48. Ke4 Bc3 49. Ra6+ Kg5 50. Ra7 {***AUFGEGEBEN***} 0-1